| 000 | 01389nam a2200337 i 4500 | ||
|---|---|---|---|
| 001 | 12873 | ||
| 003 | KOSZ 005 | ||
| 005 | 20220614095107.0 | ||
| 008 | 071029s1968 pl g d 000 0 pol | ||
| 015 | _aPB 1968/5069 | ||
| 040 |
_aWA N _cKOSZ 005/RW _dKOSZ 005/RW |
||
| 041 | 0 |
_apol _aita |
|
| 080 | _a808.4-3:805.0-3 | ||
| 100 | 1 |
_aSoja, Stanisław _c(filolog). _eAutor |
|
| 245 | 1 | 0 |
_aMały słownik włosko-polski / _cStanisław Soja, Zbigniew Zawadzki. |
| 246 | 1 | 5 | _aPiccolo dizionario italiano-polacco. |
| 250 | _aWyd. 2. | ||
| 260 |
_aWarszawa : _b"Wiedza Powszechna", _c1968. |
||
| 300 |
_a932 s. wiele liczb. ; _c18cm. |
||
| 380 | _aKsiążki. | ||
| 500 | _aDruk z klisz. | ||
| 501 | _aWspółwyd. w kierunku przeciwstawnym: Piccolo dizionario polacco-italiano / Stanisław Soja, Celeste Zawadzka, Zbigniew Zawadzki. | ||
| 655 | 4 | _aSłownik włosko-polski | |
| 700 | 1 | 2 |
_aSoja, Stanisław _c(filolog). _tMały słownik włosko-polski. |
| 700 | 1 |
_aZawadzka, Celeste _d(1922-2015). _eAutor. |
|
| 700 | 1 |
_aSoja, Stanisław _c(filolog). _tPiccolo dizionario polacco-italiano. |
|
| 700 | 1 |
_aZawadzki, Zbigniew _d(?-2007) _eAutor |
|
| 710 | 2 |
_aPaństwowe Wydawnictwo Wiedza Powszechna _4pbl. |
|
| 856 |
_uhttp://koha.tu.koszalin.pl/cgi-bin/koha/opac-detail.pl?biblionumber=12873 _yKatalog online BPK |
||
| 942 |
_2UKD _cKS |
||
| 999 |
_c12873 _d12873 |
||